000 00490nam a2200181Ia 4500
008 230711s9999||||xx |||||||||||||| ||und||
020 _a978-0-691-16973-6
041 _aENG
082 _a729
_bOL-D
100 _aOlgyay,Victor
245 0 _aDesign with Climate : Bioclimatic Approach to Architectural Regionalism
250 _a1st Ed.
260 _c2015
_aNew York
_bPrinceton Architectural Press
300 _a190p.
650 _aArchitecture
700 _aOlgyay,Aladar
942 _cBK
999 _c6467
_d6467